000 00461cam a2200193ua 4500
020 _c1.50
041 _ahin
_h
082 _a891.54
_bSAR/NA
100 _aSaraswathi Amma, K M .
245 _aNa ratna /
_cK M Saraswathi Amma.
_hTextual Documents
250 _a1 /
_b.
260 _aTiruvalla :
_bSaraswathi Prakshan ,
_c1967.
300 _a114 ; .
365 _a1.50
504 _a
942 _cBK
999 _c6554
_d6554